Statistics for #1 NHL Point Leader for Each Country

Click here to take the quiz!

General Stats

  • This quiz has been taken 7 times
  • The average score is 7 of 16

Answer Stats

CountryAnswer% Correct
CanadaWayne Gretzky
100%
RussiaAlex Ovechkin
86%
CzechJaromir Jagr
57%
GermanyLeon Draisaitl
57%
FinlandTeemu Selanne
57%
SloveniaAnze Kopitar
43%
SwedenMats Sundin
43%
NorwayMats Zuccarello
43%
AustraliaNathan Walker
43%
SwitzerlandRoman Josi
43%
USABrett Hull
29%
AustriaThomas Vanek
29%
FranceAntoine Roussel
14%
SlovakiaPeter Stastny
14%
NetherlandsEd Beers
0%
DenmarkFrans Nielson
0%

Score Distribution

Percentile by Number Answered

Percent of People with Each Score

Your Score History

You have not taken this quiz